000 01071nam0a22002291 4500
001 rc\2845625
005 20260406214708.0
035 _a(NLR Aleph) 007001489
090 _a5725413
_c5725413
100 _a20110728d1930 |||y0rusy50 ca
101 0 _arus
102 _aRU
105 _ay z |||||
200 1 _aПрограмма военизированных женских административно-хозяйственных курсов Осоавиахима ...
_fСоюз Осоавиахим СССР и Осоавиахим РСФСР
210 _aМосква
_cизд-во "Осоавиахим СССР"
_d1930
_g7-я тип. "Искра революции" Мосполиграфа
215 _a49, [2] с.
_d17×12 см
710 0 2 _aОсоавиахим СССР и РСФСР
_bЦентральный совет
_bСекция по подготовке трудящихся женщин к обороне
_9441607
_3RU\NLR\AUTH\889972557
801 0 _aRU
_bNLR
_gpsbo
801 1 _aRU
_bELAR
_2rusmarc
852 _aNLR
_j61/2482
942 _cBOOK
980 _aNB